| 000 | 00839nam a22002297c 4500 | ||
|---|---|---|---|
| 003 | OSt | ||
| 005 | 20170209161758.0 | ||
| 008 | 170209s2014 sp | |||| 001 0 spa d | ||
| 017 |
_aB 24086-2014 _bOficina Depósito Legal Barcelona |
||
| 020 | _a9788403012394 | ||
| 040 | _cCDMR | ||
| 100 | 1 |
_aKovach, Bill _d1932- |
|
| 245 | 1 | 4 |
_aLos elementos del periodismo _b: todo lo que los periodistas deben saber y los ciudadanos esperar _cBill Kovach y Tom Rosenstiel ; [traducción, Amado Diéguez Rodríguez] |
| 250 | _a2ª ed. | ||
| 260 |
_aBarcelona _bAguilar _c2014 |
||
| 300 |
_a284 p. _c24 cm |
||
| 504 | _aInclou referències bibliogràfiques i índex | ||
| 650 | 0 | 4 |
_aÈtica periodística _zEstats Units _9983 |
| 650 | 0 | 4 |
_aMitjans de comunicació social _xObjectivitat _zEstats Units _93082 |
| 700 | 1 |
_aRosenstiel, Tom _4aut |
|
| 942 | _cMON | ||
| 999 |
_c6997 _d6997 |
||